[Event "Stuttgarter Stadtmeisterschaft A"]
[Site "Ditzingen"]
[Date "2008.05.03"]
[Round "5.14"]
[White "Barthel, Ansgar"]
[Black "Scherer, Holger"]
[Result "1-0"]
[WhiteElo "2258"]
[BlackElo "2084"]
[PlyCount "87"]
[EventDate "2008.05.??"]
[EventType "swiss"]
[EventRounds "7"]
[EventCountry "GER"]

1. e4 c5 2. Nf3 Nc6 3. d4 cxd4 4. Nxd4 Nf6 5. Nc3 e5 6. Ndb5 d6 7. Bg5 a6 8.
Na3 Be6 9. Nc4 Rc8 10. Bxf6 Qxf6 11. Nb6 Rb8 12. Ncd5 Qd8 13. Bc4 Be7 14. O-O
O-O 15. c3 Bg5 16. a4 g6 17. b4 f5 18. Qd3 Kh8 19. a5 fxe4 20. Qxe4 Bf5 21. Qe2
Bh6 22. g4 Qg5 23. h3 Kg7 24. f3 Rbe8 25. Qh2 Qh4 26. gxf5 Rxf5 27. Rf2 Bf4 28.
Nxf4 exf4 29. Bf1 Ne5 30. Nc4 Rg5+ 31. Kh1 Nxc4 32. Bxc4 Rg3 33. Bf1 Re3 34.
Bg2 Rxc3 35. Qg1 Rb3 36. Qd1 Re3 37. Qxd6 Rxh3+ 38. Kg1 Rh2 39. Qd7+ Kh6 40.
Rb1 Qg3 41. Qg4 Rh1+ 42. Kxh1 Qxf2 43. Qxf4+ Kg7 44. Qd4+ 1-0

[Event "Stuttgarter Stadtmeisterschaft A"]
[Site "Ditzingen"]
[Date "2008.05.03"]
[Round "5.15"]
[White "Reck, Moritz"]
[Black "Schuh, Karsten"]
[Result "1/2-1/2"]
[WhiteElo "2094"]
[BlackElo "2207"]
[PlyCount "58"]
[EventDate "2008.05.??"]
[EventType "swiss"]
[EventRounds "7"]
[EventCountry "GER"]

1. g3 f5 2. d3 Nf6 3. Bg2 e5 4. Nc3 Nc6 5. e4 d6 6. f4 Be7 7. exf5 Bxf5 8. Nf3
exf4 9. Bxf4 O-O 10. O-O Qd7 11. Qe2 Rae8 12. Rae1 Bg4 13. Qd2 h6 14. Nh4 Bd8
15. Be3 Ne5 16. Nf3 Bxf3 17. Bxf3 Nxf3+ 18. Rxf3 Ng4 19. Rxf8+ Rxf8 20. Qg2 c6
21. Kh1 Nxe3 22. Rxe3 Bb6 23. Re2 d5 24. Na4 Qf5 25. Nxb6 axb6 26. Kg1 Qg5 27.
Re1 Qf6 28. c3 Qf5 29. Qe2 Qf6 1/2-1/2

[Event "Stuttgarter Stadtmeisterschaft A"]
[Site "Ditzingen"]
[Date "2008.05.03"]
[Round "5.16"]
[White "Imhof, Thomas"]
[Black "Krockenberger, Martin"]
[Result "0-1"]
[WhiteElo "2088"]
[BlackElo "2220"]
[PlyCount "82"]
[EventDate "2008.05.??"]
[EventType "swiss"]
[EventRounds "7"]
[EventCountry "GER"]

1. e4 c5 2. Nf3 Nc6 3. d4 cxd4 4. Nxd4 Nf6 5. Nc3 e5 6. Ndb5 d6 7. Bg5 a6 8.
Na3 b5 9. Nd5 Be7 10. Bxf6 Bxf6 11. Bd3 Be6 12. O-O O-O 13. c3 Bxd5 14. exd5
Ne7 15. Nc2 g6 16. a4 bxa4 17. Rxa4 a5 18. Ne3 Bg7 19. Nc4 f5 20. Qd2 e4 21.
Bc2 Nc8 22. Qe3 Rb8 23. Nxa5 Rxb2 24. Nc6 Qb6 25. Qc1 Bxc3 26. Ra8 Qc5 27. Ba4
Bf6 28. Rxc8 Rxc8 29. Ne7+ Kf7 30. Nxc8 Bd4 31. Qxc5 dxc5 32. Bd7 Kg7 33. g3
Kf6 34. Be6 g5 35. Kh1 f4 36. gxf4 gxf4 37. Re1 f3 38. h3 Bxf2 39. Rxe4 Bg3 40.
Rc4 Rb1+ 41. Rc1 Rxc1# 0-1

[Event "Stuttgarter Stadtmeisterschaft A"]
[Site "Ditzingen"]
[Date "2008.05.03"]
[Round "5.17"]
[White "Höschele, Hans-Ulrich"]
[Black "Bissbort, Julian"]
[Result "1/2-1/2"]
[WhiteElo "2212"]
[BlackElo "2059"]
[PlyCount "65"]
[EventDate "2008.05.??"]
[EventType "swiss"]
[EventRounds "7"]
[EventCountry "GER"]

1. d4 Nf6 2. Nf3 g6 3. g3 Bg7 4. Bg2 O-O 5. Nbd2 d5 6. O-O c5 7. c3 Nc6 8. dxc5
e5 9. Nb3 Be6 10. Bg5 Qc7 11. Qc1 a5 12. Bh6 a4 13. Bxg7 Kxg7 14. Nbd2 Ra5 15.
b4 axb3 16. Nxb3 Ra4 17. Qb2 Rfa8 18. Rfd1 Na5 19. Nfd2 Nc4 20. Qc2 Bf5 21. e4
dxe4 22. Nxc4 Rxc4 23. Qd2 Bg4 24. Rdc1 Rd8 25. Qe1 Rd3 26. Bf1 Qd7 27. Nd2
Rxc5 28. Nxe4 Nxe4 29. Qxe4 Bf5 30. Qb4 Rcd5 31. c4 R5d4 32. Qa5 f6 33. Qb5
1/2-1/2

[Event "Stuttgarter Stadtmeisterschaft A"]
[Site "Ditzingen"]
[Date "2008.05.03"]
[Round "5.18"]
[White "Meyer, Peter"]
[Black "Hottes, Dieter"]
[Result "1/2-1/2"]
[WhiteElo "2090"]
[BlackElo "2208"]
[PlyCount "32"]
[EventDate "2008.05.??"]
[EventType "swiss"]
[EventRounds "7"]
[EventCountry "GER"]

1. d4 Nf6 2. Nd2 d5 3. Ngf3 e6 4. e3 c5 5. c3 b6 6. Bd3 Bb7 7. Qe2 Nbd7 8. e4
cxd4 9. Nxd4 Bd6 10. exd5 Bxd5 11. Ne4 Be7 12. O-O O-O 13. Rd1 Qc7 14. Bg5 Rfe8
15. Bxf6 Nxf6 16. Nxf6+ Bxf6 1/2-1/2

[Event "Stuttgarter Stadtmeisterschaft A"]
[Site "Ditzingen"]
[Date "2008.05.03"]
[Round "5.19"]
[White "Schiestl, Uwe"]
[Black "Wagner, Florian"]
[Result "1/2-1/2"]
[WhiteElo "2051"]
[BlackElo "2183"]
[PlyCount "73"]
[EventDate "2008.05.??"]
[EventType "swiss"]
[EventRounds "7"]
[EventCountry "GER"]

1. e4 c5 2. Nf3 Nc6 3. Bb5 e6 4. O-O Nge7 5. Re1 a6 6. Bxc6 Nxc6 7. d4 cxd4 8.
Nxd4 Qc7 9. Nc3 Be7 10. Nxc6 bxc6 11. Qh5 e5 12. Re3 g6 13. Qh6 Bf8 14. Qh4 Bg7
15. Rd3 d6 16. b3 O-O 17. Ba3 Rd8 18. Rad1 Bf8 19. Bc1 Be7 20. Bg5 Bxg5 21.
Qxg5 Be6 22. f4 exf4 23. Qxf4 Qa5 24. Qf6 Qc5+ 25. Kh1 Rd7 26. Na4 Qa5 27. Qf2
Rad8 28. h3 Qe5 29. Qh4 Re8 30. c4 f5 31. exf5 Bxf5 32. R3d2 Kg7 33. Qd4 Qxd4
34. Rxd4 Re2 35. R1d2 Rxd2 36. Rxd2 Kf6 37. Kg1 1/2-1/2

[Event "Stuttgarter Stadtmeisterschaft A"]
[Site "Ditzingen"]
[Date "2008.05.03"]
[Round "5.20"]
[White "Haag, Ulrich"]
[Black "Zhou, Syang"]
[Result "0-1"]
[WhiteElo "2158"]
[BlackElo "1991"]
[PlyCount "66"]
[EventDate "2008.05.??"]
[EventType "swiss"]
[EventRounds "7"]
[EventCountry "GER"]

1. d4 Nf6 2. c4 g6 3. Nc3 Bg7 4. e4 d6 5. f3 O-O 6. Nge2 c5 7. d5 e6 8. Ng3
exd5 9. cxd5 Na6 10. Be2 Nc7 11. a4 b6 12. O-O Ba6 13. Re1 Bxe2 14. Qxe2 a6 15.
Bf4 Qd7 16. Ra2 b5 17. Rea1 b4 18. Nd1 b3 19. Ra3 Rfe8 20. Qd2 Rab8 21. Qd3 Rb4
22. Be3 Nfxd5 23. Bf2 Nf4 24. Qd2 Nce6 25. Nc3 Bd4 26. Rd1 d5 27. exd5 Nxd5 28.
Nce4 Rd8 29. Nxc5 Bxc5 30. Bxc5 Nxc5 31. Ne4 Nxe4 32. fxe4 Rxe4 33. Rxb3 Nf6
0-1

[Event "Stuttgarter Stadtmeisterschaft A"]
[Site "Ditzingen"]
[Date "2008.05.03"]
[Round "5.21"]
[White "Scheeff, Volker"]
[Black "Kerpe, Andreas"]
[Result "0-1"]
[WhiteElo "2125"]
[BlackElo "1977"]
[PlyCount "70"]
[EventDate "2008.05.??"]
[EventType "swiss"]
[EventRounds "7"]
[EventCountry "GER"]
[WhiteTeam "Sabt SpVgg Rommelshausen"]
[BlackTeam "SAbt TSF Ditzingen"]

1. e4 e5 2. Nf3 Nc6 3. Bb5 Nge7 4. c3 g6 5. d4 Bg7 6. d5 a6 7. Ba4 Na7 8. d6
cxd6 9. Qxd6 Nb5 10. Bxb5 axb5 11. Na3 Ra6 12. Qd3 b4 13. cxb4 d5 14. O-O f5
15. Bg5 fxe4 16. Qb5+ Qd7 17. Nd2 Nc6 18. Nb3 Nd4 19. Nxd4 exd4 20. Rac1 Rc6
21. Rc5 Rxc5 22. Qxc5 h6 23. Nb5 hxg5 24. Nd6+ Ke7 25. Nxc8+ Ke6 26. Rc1 Be5
27. g3 d3 28. Nb6 Qd6 29. Qe3 Qxb4 30. a3 Qd4 31. b4 Qxe3 32. fxe3 d4 33. Na4
dxe3 34. Nc5+ Kd5 35. Nb3 d2 0-1

[Event "Stuttgarter Stadtmeisterschaft A"]
[Site "Ditzingen"]
[Date "2008.05.03"]
[Round "5.22"]
[White "Bogenschütze, Paul jr"]
[Black "Notegger, Peter"]
[Result "1/2-1/2"]
[WhiteElo "2102"]
[BlackElo "1952"]
[PlyCount "87"]
[EventDate "2008.05.??"]
[EventType "swiss"]
[EventRounds "7"]
[EventCountry "GER"]
[WhiteTeam "SF Deizisau"]

1. e4 d5 2. exd5 Qxd5 3. Nc3 Qd6 4. d4 g6 5. Be3 Nf6 6. Qd2 a6 7. Nf3 Nc6 8.
Be2 Bg4 9. Bf4 Qd8 10. d5 Na7 11. O-O Bg7 12. Rfe1 O-O 13. Rad1 Nc8 14. h3 Bd7
15. Ne5 Nd6 16. Bf3 Re8 17. Nb1 Bf5 18. c4 Be4 19. Be2 Bxb1 20. Rxb1 Nd7 21.
Nxd7 Qxd7 22. Bf1 b6 23. b4 Nb7 24. Rbd1 a5 25. a3 axb4 26. axb4 Ra3 27. Rc1
Rea8 28. Rc2 Kf8 29. c5 bxc5 30. bxc5 c6 31. Rd1 Ra1 32. dxc6 Qxc6 33. Rxa1
Rxa1 34. Be3 h5 35. Rc1 Rxc1 36. Qxc1 Nd8 37. Qb1 Qc8 38. Qb6 Be5 39. Bc4 Kg7
40. Kf1 Qd7 41. Be2 Ne6 42. Qb5 Qa7 43. g3 Nd4 44. Bxd4 1/2-1/2

[Event "Stuttgarter Stadtmeisterschaft A"]
[Site "Ditzingen"]
[Date "2008.05.03"]
[Round "5.24"]
[White "Sarchisov, Slavik"]
[Black "Strunski, Andreas"]
[Result "0-1"]
[WhiteElo "1982"]
[BlackElo "2271"]
[PlyCount "82"]
[EventDate "2008.05.??"]
[EventType "swiss"]
[EventRounds "7"]
[EventCountry "GER"]
[WhiteTeam "Karlsruher SF 1853"]
[BlackTeam "Stuttgarter SF 1879"]

1. e4 c5 2. Nf3 e6 3. d4 cxd4 4. Nxd4 a6 5. Bd3 Bc5 6. Nb3 Ba7 7. O-O Nc6 8.
Qe2 d6 9. c4 Nge7 10. Nc3 O-O 11. Be3 e5 12. Nd5 Be6 13. Rfd1 a5 14. a4 Bxe3
15. Qxe3 Bxd5 16. cxd5 Nb4 17. Rac1 f5 18. f3 Nxd3 19. Rxd3 fxe4 20. fxe4 Qe8
21. Rc7 Ng6 22. g3 Qxa4 23. Rxb7 Rab8 24. Rc7 Qb4 25. Rdc3 Qb5 26. Qd3 Qb6+ 27.
Qe3 Qxe3+ 28. Rxe3 a4 29. Nd2 Rxb2 30. Nc4 Rc2 31. Rc6 Rff2 32. Nxd6 Rg2+ 33.
Kf1 Rcf2+ 34. Ke1 Rxh2 35. Rc1 Ra2 36. Rf3 h5 37. Nc4 h4 38. d6 hxg3 39. Ne3
Nf4 40. d7 Nd3+ 41. Kd1 Rad2# 0-1

[Event "Stuttgarter Stadtmeisterschaft A"]
[Site "Ditzingen"]
[Date "2008.05.03"]
[Round "5.25"]
[White "Meyner, Hannes"]
[Black "Volk, Werner"]
[Result "1/2-1/2"]
[WhiteElo "2146"]
[BlackElo "1993"]
[PlyCount "130"]
[EventDate "2008.05.??"]
[EventType "swiss"]
[EventRounds "7"]
[EventCountry "GER"]
[WhiteTeam "SC Turm Lüneburg e.V."]
[BlackTeam "SC Oberwinden 1957 e.V."]

1. d4 d5 2. c4 c6 3. Nf3 Nf6 4. Nc3 e6 5. e3 Bd6 6. Bd3 Nbd7 7. O-O O-O 8. e4
dxe4 9. Nxe4 Nxe4 10. Bxe4 e5 11. dxe5 Nxe5 12. Nxe5 Bxe5 13. Bxh7+ Kxh7 14.
Qh5+ Kg8 15. Qxe5 Re8 16. Qc3 Bf5 17. Be3 Qd6 18. Bd4 Qg6 19. Rfe1 f6 20. Rxe8+
Rxe8 21. Bxa7 Re2 22. Bd4 Rc2 23. Qb3 Be4 24. c5+ Bd5 25. Qg3 Qf5 26. Re1 Re2
27. f3 Rxe1+ 28. Qxe1 Bxa2 29. Qe8+ Kh7 30. h3 Qe6 31. Qh5+ Kg8 32. Kh2 Qf7 33.
Qf5 Be6 34. Qf4 Bc8 35. Qb8 Qd7 36. Bf2 Kf7 37. Bg3 Ke8 38. Bd6 Kf7 39. Qa8 Qe6
40. Qa4 Bd7 41. Qb4 Bc8 42. Qh4 Kg8 43. Qg3 Kf7 44. h4 Bd7 45. Qf2 Qc4 46. g4
Qe6 47. Qd2 Qd5 48. Qe3 Qe6 49. Qf2 Qd5 50. h5 b6 51. Qe3 Qe6 52. Qd3 b5 53.
Bf4 Kg8 54. h6 Qf7 55. hxg7 Kxg7 56. Bd2 Kg8 57. Bc3 f5 58. Qd4 Qh7+ 59. Kg3
fxg4 60. fxg4 Kf8 61. Qf6+ Ke8 62. Kf4 Qf7 63. g5 Qxf6+ 64. Bxf6 Be6 65. Ke5
Bd5 1/2-1/2

[Event "Stuttgarter Stadtmeisterschaft A"]
[Site "Ditzingen"]
[Date "2008.05.03"]
[Round "5.26"]
[White "Arounopoulos, Stephan"]
[Black "Weisenburger, Horst"]
[Result "1/2-1/2"]
[WhiteElo "2002"]
[BlackElo "2142"]
[PlyCount "104"]
[EventDate "2008.05.??"]
[EventType "swiss"]
[EventRounds "7"]
[EventCountry "GER"]
[WhiteTeam "SK e4 Gerlingen"]
[BlackTeam "SAbt VfL Sindelfingen"]

1. d4 f5 2. g3 g6 3. Bg2 Bg7 4. Nf3 d6 5. c4 Nf6 6. O-O O-O 7. Nc3 Qe8 8. Re1
Qf7 9. b3 h6 10. Bb2 g5 11. d5 f4 12. gxf4 Nh5 13. e3 gxf4 14. e4 Nd7 15. Bh3
Ne5 16. Nxe5 Bxe5 17. Bxc8 Raxc8 18. f3 Qg7+ 19. Kh1 Bxc3 20. Rg1 Bxb2 21.
Rxg7+ Nxg7 22. Rb1 Be5 23. Qg1 a5 24. Qg6 Bd4 25. Rd1 Be3 26. Re1 Rf6 27. Qg4
e6 28. Re2 Re8 29. Rg2 Re7 30. Qh4 Bd4 31. Qe1 exd5 32. cxd5 b6 33. Qd2 Be5 34.
Rg4 Kh7 35. Kg1 Ne8 36. Kf1 Rg7 37. Rxg7+ Kxg7 38. a3 Kf7 39. b4 axb4 40. axb4
Rg6 41. Qd3 Ke7 42. Qc4 b5 43. Qxb5 Bd4 44. Qb8 Bb6 45. Qc8 Rg1+ 46. Ke2 Rg2+
47. Kd3 Rxh2 48. Qe6+ Kd8 49. Kc4 Be3 50. Kb5 c6+ 51. Kc4 cxd5+ 52. exd5 Rc2+
1/2-1/2

[Event "Stuttgarter Stadtmeisterschaft A"]
[Site "Ditzingen"]
[Date "2008.05.03"]
[Round "5.27"]
[White "Scharping, Hans-Martin"]
[Black "Jehle, Anja"]
[Result "1-0"]
[WhiteElo "2138"]
[BlackElo "1968"]
[PlyCount "91"]
[EventDate "2008.05.??"]
[EventType "swiss"]
[EventRounds "7"]
[EventCountry "GER"]
[WhiteTeam "SV 23 Böckingen"]
[BlackTeam "Schachclub Ingersheim eV"]

1. d4 Nf6 2. Nf3 g6 3. Nc3 Bg7 4. Bf4 d6 5. Qd2 Nbd7 6. Bh6 O-O 7. h4 c5 8. h5
b5 9. hxg6 fxg6 10. Bxg7 Kxg7 11. Qh6+ Kf7 12. Ng5+ Ke8 13. Ne6 Qa5 14. O-O-O
a6 15. dxc5 Rf7 16. f3 Nxc5 17. Ng5 b4 18. Nb1 Qxa2 19. Nxf7 Kxf7 20. Qf4 Bf5
21. Qxb4 Rc8 22. Nc3 a5 23. Nxa2 axb4 24. e4 Be6 25. Nxb4 Ra8 26. Kd2 Rb8 27.
c3 Nb3+ 28. Ke3 Nc5 29. Ra1 Nb3 30. Ra7 h5 31. Be2 Rb6 32. Bd1 Nc5 33. Bc2 Nfd7
34. f4 Nf6 35. g3 Ng4+ 36. Kf3 Bc8 37. Rxe7+ Kf8 38. Rd1 Nf6 39. Rc7 Bg4+ 40.
Ke3 Bxd1 41. Bxd1 Ncxe4 42. Bb3 Nxg3 43. Rf7+ Ke8 44. Rxf6 Nf5+ 45. Ke4 d5+ 46.
Ke5 1-0

[Event "Stuttgarter Stadtmeisterschaft A"]
[Site "Ditzingen"]
[Date "2008.05.03"]
[Round "5.28"]
[White "Severin, Andreas"]
[Black "Probst, Alexander"]
[Result "1-0"]
[WhiteElo "1981"]
[BlackElo "2129"]
[PlyCount "131"]
[EventDate "2008.05.??"]
[EventType "swiss"]
[EventRounds "7"]
[EventCountry "GER"]
[WhiteTeam "SF Pfullingen"]
[BlackTeam "SC Blau.Turm Bad Wimpfen"]

1. e4 c5 2. Nc3 Nc6 3. f4 g6 4. Nf3 Bg7 5. Be2 d6 6. O-O Nf6 7. d3 Bg4 8. h3
Bxf3 9. Bxf3 O-O 10. Qe1 Nd4 11. Bd1 b5 12. Ne2 Nd7 13. c3 Nc6 14. h4 h5 15.
Ng3 Nf6 16. Bf3 Rc8 17. Qe2 Qd7 18. Be3 b4 19. Rad1 bxc3 20. bxc3 Ng4 21. Bxg4
Qxg4 22. Qxg4 hxg4 23. d4 cxd4 24. cxd4 Nb4 25. d5 a5 26. Bd4 Nxa2 27. Bxg7
Kxg7 28. Ra1 Rc2 29. Rf2 Rfc8 30. Rxa2 R2c3 31. Kh2 Rh8 32. h5 gxh5 33. Nf5+
Kf6 34. g3 h4 35. Kg2 hxg3 36. Nxg3 Rh3 37. e5+ Kg7 38. Nf5+ Kh7 39. Rxa5 dxe5
40. fxe5 e6 41. dxe6 fxe6 42. Ra7+ Kg6 43. Nd4 Rh2+ 44. Kxh2 g3+ 45. Kg2 gxf2
46. Kxf2 Rc5 47. Nf3 Kf5 48. Rd7 Rc3 49. Ke2 Ra3 50. Rc7 Ke4 51. Rc4+ Kf5 52.
Kf2 Rd3 53. Kg3 Ra3 54. Rf4+ Kg6 55. Rf6+ Kg7 56. Rxe6 Kf7 57. Rd6 Ra4 58. Rd4
Ra5 59. Kf4 Ke7 60. Kf5 Ra3 61. Ke4 Ra1 62. Rb4 Ra7 63. Nd4 Rc7 64. Rb6 Rd7 65.
Rh6 Kd8 66. Rh8+ 1-0

[Event "Stuttgarter Stadtmeisterschaft A"]
[Site "Ditzingen"]
[Date "2008.05.03"]
[Round "5.29"]
[White "Kaplunov, Vadym"]
[Black "Turski, Tomasz"]
[Result "1-0"]
[WhiteElo "1967"]
[BlackElo "2097"]
[PlyCount "99"]
[EventDate "2008.05.??"]
[EventType "swiss"]
[EventRounds "7"]
[EventCountry "GER"]
[WhiteTeam "Stuttgarter SF 1879"]
[BlackTeam "Schachclub Ingersheim eV"]

1. d4 Nf6 2. c4 g6 3. Nc3 Bg7 4. e4 d6 5. Be2 O-O 6. Nf3 c6 7. O-O Nbd7 8. Ne1
Qc7 9. Be3 Re8 10. f4 e5 11. fxe5 dxe5 12. d5 cxd5 13. cxd5 a6 14. Rc1 Qd6 15.
Qa4 Rb8 16. Ba7 Ra8 17. Be3 Rb8 18. Ba7 Ra8 19. Be3 Qb8 20. b4 b5 21. Qb3 Bf8
22. Nd3 Be7 23. Kh1 Rf8 24. Bh6 Re8 25. Be3 Kg7 26. Rf2 h6 27. Rcf1 Rf8 28. Qb2
Nb6 29. Nc5 Bg4 30. Rxf6 Bxe2 31. Rxb6 Qxb6 32. Qxe2 Qd6 33. Qg4 h5 34. Qe2
Rac8 35. Nb1 Rc7 36. Nd2 a5 37. a3 axb4 38. axb4 Rb8 39. Ndb3 Kg8 40. Na5 Bf8
41. Nc6 Rb6 42. Nd3 Rbb7 43. Bc5 Qd7 44. Bxf8 Kxf8 45. Nc5 Qd6 46. Nxb7 Rxb7
47. Qb2 f6 48. Qxe5 Qxe5 49. Nxe5 Re7 50. Nxg6+ 1-0

[Event "Stuttgarter Stadtmeisterschaft A"]
[Site "Ditzingen"]
[Date "2008.05.03"]
[Round "5.30"]
[White "Kubacsny, Vilmos"]
[Black "Günthner, Arthur"]
[Result "1/2-1/2"]
[WhiteElo "2080"]
[BlackElo "1707"]
[PlyCount "63"]
[EventDate "2008.05.??"]
[EventType "swiss"]
[EventRounds "7"]
[EventCountry "GER"]
[WhiteTeam "SF Conweiler"]
[BlackTeam "SC Tamm 74"]

1. d4 d6 2. Nf3 Bg4 3. g3 Bxf3 4. exf3 Nd7 5. Bg2 c6 6. O-O e6 7. f4 Ne7 8. Nc3
g6 9. h4 Bg7 10. Ne4 Qc7 11. Rb1 Nf5 12. c3 h5 13. Ng5 O-O 14. Bf3 Nf6 15. Kg2
c5 16. Be3 cxd4 17. Bxd4 Nxd4 18. Qxd4 Nh7 19. Qb4 Nxg5 20. hxg5 d5 21. f5 exf5
22. Bxd5 Qd8 23. Rbd1 Qxg5 24. f4 Qf6 25. Rf2 Rab8 26. Rfd2 h4 27. gxh4 Qxh4
28. Bf3 a5 29. Qd6 Bh6 30. Rd4 Bg7 31. Rd5 Bh6 32. R5d4 1/2-1/2

[Event "Stuttgarter Stadtmeisterschaft A"]
[Site "Ditzingen"]
[Date "2008.05.03"]
[Round "5.31"]
[White "Renke, Mathias"]
[Black "Huhn, Stefan"]
[Result "1/2-1/2"]
[WhiteElo "1933"]
[BlackElo "2079"]
[PlyCount "50"]
[EventDate "2008.05.??"]
[EventType "swiss"]
[EventRounds "7"]
[EventCountry "GER"]
[WhiteTeam "SV Ottenbronn"]
[BlackTeam "SV Herrenberg e.V."]

1. e4 c5 2. Nf3 Nc6 3. c3 d5 4. exd5 Qxd5 5. d4 Bg4 6. dxc5 Qxd1+ 7. Kxd1 e5 8.
b4 a5 9. Bb5 e4 10. h3 Bd7 11. Bxc6 Bxc6 12. Nd4 Ba4+ 13. Ke2 Nf6 14. a3 g6 15.
Bb2 Nd5 16. c4 Nf4+ 17. Ke3 Nd3 18. Bc3 Bh6+ 19. Ke2 O-O 20. g4 Nf4+ 21. Ke1
Rfd8 22. Nd2 Nd3+ 23. Ke2 Nf4+ 24. Ke1 Nd3+ 25. Ke2 Nf4+ 1/2-1/2

[Event "Stuttgarter Stadtmeisterschaft A"]
[Site "Ditzingen"]
[Date "2008.05.03"]
[Round "5.32"]
[White "Ebeling, Jens"]
[Black "Bauer, Dieter"]
[Result "1-0"]
[WhiteElo "2065"]
[BlackElo "1854"]
[PlyCount "41"]
[EventDate "2008.05.??"]
[EventType "swiss"]
[EventRounds "7"]
[EventCountry "GER"]
[WhiteTeam "SK Kriegshaber"]
[BlackTeam "SK Bebenhausen 1992"]

1. e4 c5 2. Nf3 e6 3. b3 d6 4. Bb2 Nf6 5. e5 dxe5 6. Nxe5 Nbd7 7. f4 Nxe5 8.
fxe5 Nd5 9. Qf3 Qc7 10. Bd3 Bd7 11. O-O Bc6 12. Na3 Nb4 13. Be4 Bxe4 14. Qxe4
Be7 15. Rf3 O-O 16. Rh3 g6 17. Qe3 g5 18. Qf3 f5 19. exf6 Nd5 20. Rxh7 Nxf6 21.
Qd3 1-0

[Event "Stuttgarter Stadtmeisterschaft A"]
[Site "Ditzingen"]
[Date "2008.05.03"]
[Round "5.33"]
[White "Braun, Georg"]
[Black "Jussupow, Ekaterina"]
[Result "0-1"]
[WhiteElo "1931"]
[BlackElo "2046"]
[PlyCount "88"]
[EventDate "2008.05.??"]
[EventType "swiss"]
[EventRounds "7"]
[EventCountry "GER"]
[WhiteTeam "SF Nabern"]
[BlackTeam "SK Krumbach"]

1. e4 e5 2. Nf3 Nc6 3. Bb5 g6 4. O-O Bg7 5. c3 a6 6. Ba4 d6 7. d4 Bd7 8. Be3
Nf6 9. dxe5 Nxe5 10. Nxe5 dxe5 11. Bxd7+ Qxd7 12. Qxd7+ Nxd7 13. Nd2 O-O-O 14.
Rad1 f5 15. f3 Nf6 16. Rfe1 Rd3 17. Kf1 Rhd8 18. Ke2 b6 19. a4 R8d7 20. Rg1 h5
21. Rgf1 Kd8 22. g3 Ke7 23. h3 Ke6 24. Rg1 Bf8 25. Rgf1 Be7 26. Rfe1 Rd8 27.
Rf1 Nh7 28. f4 fxe4 29. Nxe4 Rxd1 30. Rxd1 Rxd1 31. Kxd1 exf4 32. Bxf4 Kd5 33.
Nd2 Ng5 34. c4+ Kc6 35. h4 Ne6 36. Be3 Bc5 37. Bh6 Bd4 38. Kc2 Kc5 39. b3 Be5
40. Be3+ Kb4 41. Ne4 Nd4+ 42. Bxd4 Bxd4 43. Ng5 Be5 44. Ne4 a5 0-1

[Event "Stuttgarter Stadtmeisterschaft A"]
[Site "Ditzingen"]
[Date "2008.05.03"]
[Round "5.34"]
[White "Prestel, Oliver"]
[Black "Erben, Larissa"]
[Result "0-1"]
[WhiteElo "2204"]
[BlackElo "1942"]
[PlyCount "56"]
[EventDate "2008.05.??"]
[EventType "swiss"]
[EventRounds "7"]
[EventCountry "GER"]
[WhiteTeam "SV Marbach"]
[BlackTeam "SV Wolfbusch"]

1. d4 d5 2. c4 e6 3. Nf3 c6 4. Nc3 Nf6 5. Bg5 Nbd7 6. e3 Qa5 7. cxd5 exd5 8.
Qc2 Bb4 9. Bd3 O-O 10. O-O Re8 11. Ne2 Ne4 12. Ng3 h6 13. Bf4 g5 14. Be5 f6 15.
Nxe4 dxe4 16. Bxe4 fxe5 17. Bh7+ Kh8 18. Qg6 Qd8 19. dxe5 Nxe5 20. Nxe5 Rxe5
21. Rad1 Qf8 22. f4 Re6 23. Qh5 Qe8 24. Qh3 Rf6 25. g4 Kxh7 26. fxg5 Rxf1+ 27.
Rxf1 Qg6 28. Qg3 Bd6 0-1

[Event "Stuttgarter Stadtmeisterschaft A"]
[Site "Ditzingen"]
[Date "2008.05.03"]
[Round "5.35"]
[White "Lange, Jan-David"]
[Black "Ringoir, Guy"]
[Result "1-0"]
[WhiteElo "2132"]
[BlackElo "1941"]
[PlyCount "39"]
[EventDate "2008.05.??"]
[EventType "swiss"]
[EventRounds "7"]
[EventCountry "GER"]
[WhiteTeam "SC Tamm 74"]

1. e4 c5 2. Nf3 g6 3. d4 cxd4 4. Qxd4 Nf6 5. e5 Nc6 6. Qc4 Ng8 7. Nc3 Bg7 8.
Bf4 Nh6 9. O-O-O O-O 10. h3 a6 11. g4 b5 12. Qe4 Bb7 13. Be3 b4 14. Nd5 Qa5 15.
Bxh6 Qxa2 16. Bxg7 Kxg7 17. Nb6 Qa1+ 18. Kd2 Qxb2 19. Nxa8 Rxa8 20. Be2 1-0

[Event "Stuttgarter Stadtmeisterschaft A"]
[Site "Ditzingen"]
[Date "2008.05.03"]
[Round "5.36"]
[White "Trefzer, Erhard"]
[Black "Fingerhut, Armin"]
[Result "1/2-1/2"]
[WhiteElo "2076"]
[BlackElo "1919"]
[PlyCount "37"]
[EventDate "2008.05.??"]
[EventType "swiss"]
[EventRounds "7"]
[EventCountry "GER"]
[WhiteTeam "SV Marbach"]
[BlackTeam "Vorw.Orient Mainz"]

1. b3 {[%emt 0:00:00]} e6 2. Bb2 Nf6 3. Nf3 d5 4. e3 Be7 5. c4 O-O 6. d4 b6 7.
Bd3 Bb7 8. Nbd2 Nbd7 9. O-O c5 10. Ne5 Nxe5 11. dxe5 Nd7 12. Qg4 Qc7 13. Qg3 f5
14. f4 Rf7 15. Rad1 Nf8 16. cxd5 exd5 17. Qh3 g6 18. g4 fxg4 19. Qxg4 1/2-1/2

[Event "Stuttgarter Stadtmeisterschaft A"]
[Site "Ditzingen"]
[Date "2008.05.03"]
[Round "5.37"]
[White "Guballa, Jens"]
[Black "Stoll, Guido"]
[Result "1-0"]
[WhiteElo "2041"]
[BlackElo "1914"]
[PlyCount "113"]
[EventDate "2008.05.??"]
[EventType "swiss"]
[EventRounds "7"]
[EventCountry "GER"]
[WhiteTeam "SC Tamm 74"]
[BlackTeam "Schach-Club Vaterstetten"]

1. d4 Nf6 2. Nf3 g6 3. c4 Bg7 4. g3 d6 5. Bg2 O-O 6. O-O Nbd7 7. Nc3 e5 8. d5
a5 9. Qc2 Nc5 10. Nd2 Nfd7 11. b3 f5 12. a3 Nf6 13. Rb1 f4 14. e4 Bd7 15. b4
axb4 16. axb4 Na6 17. Ba3 Qc8 18. c5 Bh3 19. f3 fxg3 20. hxg3 Nh5 21. Kh2 Bxg2
22. Kxg2 Qd8 23. Nc4 Qg5 24. Ne2 Nf4+ 25. Kf2 Nh3+ 26. Ke1 Qh5 27. Rb3 Rf6 28.
cxd6 cxd6 29. Nb6 Rd8 30. Rc3 Rff8 31. Rh1 Rxf3 32. Ng1 Rxc3 33. Qxc3 Qg4 34.
Rxh3 Qxe4+ 35. Ne2 Qb1+ 36. Kd2 e4 37. Qc2 Qf1 38. Rh4 e3+ 39. Kd3 Re8 40. Rf4
Qa1 41. Bc1 Qe5 42. Qc4 g5 43. Re4 Qf5 44. g4 Rxe4 45. gxf5 Rxc4 46. Kxc4 Be5
47. Bxe3 g4 48. b5 Nc7 49. Nd7 Bh2 50. Nf6+ Kf7 51. Nxg4 Be5 52. Nxe5+ dxe5 53.
d6 Ne6 54. Kd5 Nd8 55. Bg5 Ke8 56. Bxd8 Kxd8 57. Kxe5 1-0

[Event "Stuttgarter Stadtmeisterschaft A"]
[Site "Ditzingen"]
[Date "2008.05.03"]
[Round "5.38"]
[White "Yin, Zixiao"]
[Black "Gehringer, Frank"]
[Result "1/2-1/2"]
[WhiteElo "1923"]
[BlackElo "2035"]
[PlyCount "40"]
[EventDate "2008.05.??"]
[EventType "swiss"]
[EventRounds "7"]
[EventCountry "GER"]
[WhiteTeam "SC Tarrasch 45 München"]
[BlackTeam "SC Leinfelden"]

1. g3 {[%emt 0:00:00]} Nf6 2. Bg2 d5 3. c3 g6 4. d3 Bg7 5. Nf3 c5 6. Na3 Nc6 7.
O-O O-O 8. Nd2 Bf5 9. e4 dxe4 10. dxe4 Bg4 11. f3 Bd7 12. f4 e5 13. f5 Ne8 14.
Ndc4 Rb8 15. Be3 b6 16. Qd2 Bc8 17. Qxd8 Nxd8 18. Rad1 Ba6 19. Rf2 f6 20. Bf1
Bb7 1/2-1/2

[Event "Stuttgarter Stadtmeisterschaft A"]
[Site "Ditzingen"]
[Date "2008.05.03"]
[Round "5.39"]
[White "Reder, Erik"]
[Black "Häußler, Frank"]
[Result "1/2-1/2"]
[WhiteElo "1882"]
[BlackElo "2030"]
[PlyCount "22"]
[EventDate "2008.05.??"]
[EventType "swiss"]
[EventRounds "7"]
[EventCountry "GER"]
[WhiteTeam "SK e4 Gerlingen"]
[BlackTeam "SF 47 Neckartenzlingen"]

1. c4 c5 2. g3 Nc6 3. Bg2 e5 4. Nc3 g6 5. e4 Bg7 6. Nge2 Nge7 7. O-O O-O 8. d3
d6 9. a3 a5 10. Nb5 Be6 11. Be3 f5 1/2-1/2